Subnational Capital Markets in Developing Countries: (Record no. 4664)

MARC details
000 -LEADER
fixed length control field 00522nam a22001457a 4500
008 - FIXED-LENGTH DATA ELEMENTS--GENERAL INFORMATION
fixed length control field 161122b xxu||||| |||| 00| 0 eng d
020 ## - INTERNATIONAL STANDARD BOOK NUMBER
International Standard Book Number 0-8213-5464-7
082 ## - DEWEY DECIMAL CLASSIFICATION NUMBER
Classification number 332.041'091'724 SUB
100 ## - MAIN ENTRY--PERSONAL NAME
Personal name Frerire, Mila.- (Editor).-
245 ## - TITLE STATEMENT
Title Subnational Capital Markets in Developing Countries:
Remainder of title From Theory to Practice/
Statement of responsibility, etc. Edited by Mila Freire and John Petersen.-
Medium English.
260 ## - PUBLICATION, DISTRIBUTION, ETC. (IMPRINT)
Place of publication, distribution, etc. Washington, D.C.:
Name of publisher, distributor, etc. The World Bank,
Date of publication, distribution, etc. 2004.
300 ## - PHYSICAL DESCRIPTION
Extent 651p.;
Other physical details ill.;
Dimensions 23cm.-
650 ## - SUBJECT ADDED ENTRY--TOPICAL TERM
Source of heading or term Financial economics
942 ## - ADDED ENTRY ELEMENTS (KOHA)
Source of classification or shelving scheme Dewey Decimal Classification
Koha item type BOOKS

No items available.

IRDP © 2021 :: Managed by ICT Team